000
00267nam a2200109Ia 4500
008
190216s9999||||xx |||||||||||||| ||und||
100
_a
Vallins
245
0
_a
Goods English How To Write It
260
_b
English Language Book Society
650
_a
English
942
_c
BK
999
_c
12710
_d
12710